The Final Days

में बचाया:
ग्रंथसूची विवरण
मुख्य लेखक: Woodward, Bob; Bernstein, Carl
स्वरूप: पुस्तक
भाषा:Undetermined
प्रकाशित: New York, Estados Unidos Avon Books 1976
विषय:
टैग: टैग जोड़ें
कोई टैग नहीं, इस रिकॉर्ड को टैग करने वाले पहले व्यक्ति बनें!

MARC

LEADER 00000nam a2200000Ia 4500
008 170316s9999 xx 000 0 und d
999 |c 28846  |d 28846 
040 |a cru BVZT 
090 |a F-810 W-10w 
100 |a Woodward, Bob; Bernstein, Carl 
245 4 |a The Final Days 
260 |a New York, Estados Unidos 
260 |b Avon Books 
260 |c 1976 
300 |a 529 páginas 
650 |a LITERATURA ESTADOUNIDENSE  |9 25 
650 |a FICCIÓN  |9 26 
942 |c 15 D  |h F-810 W-10w  |2 z